| 000 | 00741nam a2200253 a 4500 | ||
|---|---|---|---|
| 001 | 25984 | ||
| 003 | BD-RjUL | ||
| 005 | 20211209050944.0 | ||
| 008 | 140319s1974 ii b 000 0beng | ||
| 035 | _a(BD-RjUL)26054 | ||
| 040 |
_aLC _beng _cLC _dNU _dBD-RjUL |
||
| 041 | _aeng | ||
| 082 | 0 | 4 |
_a700.954 _bSAA 1974 |
| 100 | 1 |
_aSastri, P. S. _979848 |
|
| 245 | 1 | 0 |
_aAnanda K. Coomaraswamy / _cby P. S. Sastri. |
| 250 | _a1st ed. | ||
| 260 |
_aNew Delhi : _bArnold-Heinemann Publishers, India, _c1974. |
||
| 300 |
_a203 p. ; _c19 cm. |
||
| 504 | _aBibliography: p. 200-203. | ||
| 600 | 1 | 0 |
_aCoomaraswamy, Ananda Kentish, _d1877-1947. _951900 |
| 942 |
_2ddc _cBK |
||
| 999 |
_c25984 _d25984 |
||